The Life of Lambert Lombard (1565); and Effigies of Several Famous Painters from the Low Countries (1572) /
"Among the earliest written texts on the history and theory of Netherlandish art, these two key writings are now available together in an English translation"--
| Main Author: | |
|---|---|
| Other Authors: | |
| Format: | Electronic eBook |
| Language: | Inglés Latín |
| Published: |
Los Angeles :
Getty Research Institute,
[2021]
|
| Series: | Book collections on Project MUSE.
|
| Subjects: | |
| Online Access: | Texto completo |
MARC
| LEADER | 00000cam a22000004a 4500 | ||
|---|---|---|---|
| 001 | musev2_94497 | ||
| 003 | MdBmJHUP | ||
| 005 | 20230905053103.0 | ||
| 006 | m o d | ||
| 007 | cr||||||||nn|n | ||
| 008 | 210204t20212021cau o 00 0 eng d | ||
| 010 | |z 2021005506 | ||
| 020 | |a 9781606067413 | ||
| 020 | |z 9781606067406 | ||
| 035 | |a (OCoLC)1240830088 | ||
| 040 | |a MdBmJHUP |c MdBmJHUP | ||
| 041 | 1 | |a eng |h lat | |
| 100 | 1 | |a Lampsonius, Dominicus, |d 1532-1599, |e author. | |
| 240 | 1 | 0 | |a Works. |k Selections (2021). |l English |
| 245 | 1 | 4 | |a The Life of Lambert Lombard (1565); and Effigies of Several Famous Painters from the Low Countries (1572) / |c Dominicus Lampsonius ; edited and translated by Edward H. Wouk. |
| 264 | 1 | |a Los Angeles : |b Getty Research Institute, |c [2021] | |
| 264 | 3 | |a Baltimore, Md. : |b Project MUSE, |c 2021 | |
| 264 | 4 | |c ©[2021] | |
| 300 | |a 1 online resource (176 pages): |b illustrations (some color), portraits ; | ||
| 336 | |a text |b txt |2 rdacontent | ||
| 337 | |a computer |b c |2 rdamedia | ||
| 338 | |a online resource |b cr |2 rdacarrier | ||
| 490 | 0 | |a Texts & documents | |
| 520 | |a "Among the earliest written texts on the history and theory of Netherlandish art, these two key writings are now available together in an English translation"-- |c Provided by publisher. | ||
| 546 | |a Translated from Latin. | ||
| 588 | |a Description based on print version record. | ||
| 600 | 1 | 7 | |a Lombard, Lambert, |d 1506-1566. |2 fast |0 (OCoLC)fst00130881 |
| 600 | 1 | 0 | |a Lombard, Lambert, |d 1506-1566. |
| 650 | 7 | |a Painting, Netherlandish. |2 fast |0 (OCoLC)fst01051026 | |
| 650 | 7 | |a Painters. |2 fast |0 (OCoLC)fst01050530 | |
| 650 | 6 | |a Peintres |z Pays-Bas |v Portraits. | |
| 650 | 6 | |a Peintres |z Pays-Bas |v Biographies. | |
| 650 | 6 | |a Peintres |z Flandre |v Portraits. | |
| 650 | 6 | |a Peintres |z Flandre |v Biographies. | |
| 650 | 0 | |a Painters |z Netherlands |v Portraits. | |
| 650 | 0 | |a Painters |z Netherlands |v Biography. | |
| 650 | 0 | |a Painters |z Flanders |v Portraits. | |
| 650 | 0 | |a Painters |z Flanders |v Biography. | |
| 650 | 0 | |a Painting, Netherlandish. | |
| 651 | 7 | |a Netherlands. |2 fast |0 (OCoLC)fst01204034 | |
| 651 | 7 | |a Europe |z Flanders. |2 fast |0 (OCoLC)fst01245991 | |
| 655 | 7 | |a Biographies. |2 rvmgf | |
| 655 | 7 | |a Biographies. |2 lcgft | |
| 655 | 7 | |a Portraits. |2 fast |0 (OCoLC)fst01423831 | |
| 655 | 7 | |a Biographies. |2 fast |0 (OCoLC)fst01919896 | |
| 655 | 2 | |a Biography | |
| 655 | 7 | |a Electronic books. |2 local | |
| 700 | 1 | |a Wouk, Edward H., |e editor, |e translator. | |
| 700 | 1 | 2 | |i Container of (expression): |a Lampsonius, Dominicus, |d 1532-1599. |t Pictorum aliquot celebrium Germaniae Inferioris effigies. |l English. |
| 700 | 1 | 2 | |i Container of (expression): |a Lampsonius, Dominicus, |d 1532-1599. |t Lamberti Lombardi apud Eburones pictoris celeberrimi vita. |l English. |
| 710 | 2 | |a Getty Research Institute, |e issuing body. | |
| 740 | 0 | 2 | |a Effigies of several famous painters from the Low Countries. |
| 710 | 2 | |a Project Muse. |e distributor | |
| 830 | 0 | |a Book collections on Project MUSE. | |
| 856 | 4 | 0 | |z Texto completo |u https://projectmuse.uam.elogim.com/book/94497/ |
| 945 | |a Project MUSE - Custom Collection | ||
| 945 | |a Project MUSE - 2021 Complete | ||
| 945 | |a Project MUSE - 2021 Art and Architecture | ||


